Normal view
MARC view
Entry Personal Name
001 - CONTROL NUMBER
- control field: 9700
003 - CONTROL NUMBER IDENTIFIER
- control field: OSt
005 - DATE AND TIME OF LATEST TRANSACTION
- control field: 20160628145637.0
008 - FIXED-LENGTH DATA ELEMENTS
- fixed length control field: 160628|| aca||aabn | a|a d
040 ## - CATALOGING SOURCE
- Original cataloging agency: OSt
- Transcribing agency: OSt
100 ## - HEADING--PERSONAL NAME
- Personal name: Edited by Anderson,Neil;Ones,S.Denis;[et.....al]
670 ## - SOURCE DATA FOUND
- Source citation: Work cat.: (OSt): Edited by Anderson,Neil;Ones,S.Denis;[et.....al], Handbook of Industrial Work& Organizational Phychology:, 2001.
